| 000 | 00427 a2200157 4500 | ||
|---|---|---|---|
| 001 | 60020 | ||
| 020 | _a9783126763356 | ||
| 040 | _cAnchieta - Pituba | ||
| 100 | _aVavatzanidis, Karin | ||
| 240 | 1 | 0 |
_aMit erfolg zu fit in deutsch 2 _lpor |
| 245 | 1 | 0 | _aMit erfolg zu fit in deutsch 2 |
| 300 | _a68 | ||
| 362 | 0 | _a2012 | |
| 650 | 4 | _a Uso padrão da língua alemã (prescptiva linguística - proficiência alemã) | |
| 942 | _cBK | ||
| 999 |
_c60020 _d60020 |
||